| Tag |
First Indicator |
Second Indicator |
Subfields |
| LEADER |
00000cam a22000004i 4500 |
| 001 |
in00003588310 |
| 005 |
20170928133932.0 |
| 008 |
150915t20162016txu b s001 0 eng c |
| 010 |
|
|
|a 2015036247
|
| 020 |
|
|
|a 9781623493899
|q (printed case :
|q alk. paper)
|
| 020 |
|
|
|a 1623493897
|q (printed case :
|q alk. paper)
|
| 020 |
|
|
|z 9781623493905
|q (ebook)
|
| 035 |
|
|
|a (OCoLC)ocn922572453
|
| 040 |
|
|
|a TXA/DLC
|e rda
|c DLC
|d TXA
|d UtOrBLW
|
| 042 |
|
|
|a pcc
|
| 043 |
|
|
|a n-us---
|
| 049 |
|
|
|a TXAM
|
| 050 |
0 |
0 |
|a E184.S75
|b L3548 2016
|
| 082 |
0 |
0 |
|a 305.868/073
|2 23
|
| 245 |
0 |
4 |
|a The Latino/a American dream /
|c edited by Sandra L. Hanson and John Kenneth White.
|
| 246 |
3 |
|
|a Latino American dream
|
| 246 |
3 |
|
|a Latina American dream
|
| 250 |
|
|
|a First edition.
|
| 264 |
|
1 |
|a College Station :
|b Texas A&M University Press,
|c [2016]
|
| 264 |
|
4 |
|c ©2016
|
| 300 |
|
|
|a x, 238 pages ;
|c 25 cm.
|
| 336 |
|
|
|a text
|b txt
|2 rdacontent
|
| 337 |
|
|
|a unmediated
|b n
|2 rdamedia
|
| 338 |
|
|
|a volume
|b nc
|2 rdacarrier
|
| 504 |
|
|
|a Includes bibliographical references and index.
|
| 505 |
0 |
|
|a Introduction / Sandra L. Hanson and John Kenneth White -- Whose dream?: US presidents, Hispanics, and the struggle for the American future / John Kenneth White -- DREAM-ing the American dream: the struggle to enact the DREAM Act / Matthew Green -- "The American dream": walking toward and deporting it / Daniel Martinez, Jeremy Slack, Alex E. Chavez, and Scott Whiteford -- Hispanics and the American dream: lessons from the experiences of Hispanics across nationalities residing in Washington, DC / Enrique S. Pumar -- The color of the dream: Latino/as, African Americans, and the American dream / Steven A. Tuch -- From the margins to the center: the US Catholic bishops, Latino/as, and the American dream in the twentieth century / Maria Mazzenga and Todd Scribner -- Changing for the dream?: Latino/a religious change and socioeconomic success / Jessica Hamar Martinez and Phillip Connor -- Latino/a, American, dream: men, women / Sandra L. Hanson -- Conclusion / Sandra L. Hanson and John Kenneth White.
|
| 650 |
|
0 |
|a Hispanic Americans
|x Social conditions
|y 21st century.
|
| 650 |
|
0 |
|a Hispanic American women
|x Social conditions
|y 21st century.
|
| 650 |
|
0 |
|a American Dream.
|0 http://id.loc.gov/authorities/subjects/sh2005006497
|
| 700 |
1 |
|
|a Hanson, Sandra L.,
|e editor.
|0 http://id.loc.gov/authorities/names/n87889068
|
| 700 |
1 |
|
|a White, John Kenneth,
|d 1952-
|e editor.
|0 http://id.loc.gov/authorities/names/n83052917
|
| 700 |
1 |
2 |
|a White, John Kenneth,
|d 1952-
|t Whose dream?
|
| 948 |
|
|
|a cataloged
|b h
|c 2016/6/21
|d c
|e dmitchel
|f 8:00:00 am
|
| 994 |
|
|
|a C0
|b TXA
|
| 999 |
f |
f |
|s ff392912-51f3-3fcb-8c05-16c1dc531acd
|i de6c4812-d4d9-343e-a193-4fa9a4b82f64
|t 0
|
| 952 |
f |
f |
|p normal
|a Texas A&M University
|b College Station
|c Sterling C. Evans Library
|d Evans: Library Stacks
|t 0
|e E184.S75 L3548 2016
|h Library of Congress classification
|i unmediated -- volume
|m A14838313442
|
| 998 |
f |
f |
|a E184.S75 L3548 2016
|t 0
|l Evans: Library Stacks
|